Normal view
MARC view
- Feedback control systems
Entry Topical Term
001 - CONTROL NUMBER
- control field: 84522
003 - CONTROL NUMBER IDENTIFIER
- control field: NUST
005 - DATE AND TIME OF LATEST TRANSACTION
- control field: 20211118162313.0
008 - FIXED-LENGTH DATA ELEMENTS
- fixed length control field: 211118|| aca||aabn | a|a d
040 ## - CATALOGING SOURCE
- Original cataloging agency: NUST
- Transcribing agency: NUST
150 ## - HEADING--TOPICAL TERM
- Topical term or geographic name entry element: Feedback control systems
670 ## - SOURCE DATA FOUND
- Source citation: Work cat.: (NUST)31956: Dorf, Richard C. 84521, Modern Control Systems /, c2008.
